| 000 | 01007cam a22003257a 4500 | ||
|---|---|---|---|
| 003 | CHAP | ||
| 005 | 20220329135306.0 | ||
| 008 | 971013s1979 us a r 00010 eng d | ||
| 010 | _a33886 | ||
| 011 | _a34858 | ||
| 035 | _a38974 | ||
| 040 | _cCHAP | ||
| 090 | _aFolleto 4835 (1979) | ||
| 100 | 0 | 0 |
_aMellanby, Kenneth. _974366 |
| 245 | 1 | 4 | _aThe biology of pollution |
| 250 | _a2 ed. | ||
| 260 |
_aBaltimore, Md. : _bUniversity Park, _c1979 |
||
| 300 |
_a67 p. _b: ilus. ; gráfs |
||
| 490 | 0 |
_aStudies in biology _v; 38 |
|
| 590 |
_aBATCH-UPD _b10 _c20130110 _lUCH01 _h0007 |
||
| 590 |
_aBATCH-UPD _b10 _c20130110 _lUCH01 _h1623 |
||
| 590 |
_aBATCH-UPD _b10 _c20130410 _lUCH01 _h1018 |
||
| 590 |
_aBATCH-UPD _b10 _c20130914 _lUCH01 _h1808 |
||
| 590 |
_aCONVERSION _b10 _c20130109 _lUCH01 _h1319 |
||
| 650 | 1 | 4 |
_aMedio ambiente _xContaminación. _974069 |
| 830 | 0 |
_aStudies in biology _v; 38 _9110061 |
|
| 901 | _aBK | ||
| 942 | _cFOLL | ||
| 949 |
_aFolleto 4835 (1979) _bBC _cFOLL _d-89085 _eTS1 _i38974 _si _t114.00 |
||
| 999 |
_c33886 _d33886 |
||